South Eastern Kenya University

Library Online Public Access Catalogue


Effects of tramadol, paracetamol and diclofenac in management of pain in chicken (Gallus gallus domesticus) (Record no. 18774)

MARC details
000 -LEADER
fixed length control field 00416nam a22001097a 4500
050 ## - LIBRARY OF CONGRESS CALL NUMBER
Classification Number (The) SF 487
Item Number .K5 2024
100 ## - MAIN ENTRY--Author
Personal name Kitonyi Joseph Muthiani
245 ## - TITLE
Title Effects of tramadol, paracetamol and diclofenac in management of pain in chicken (Gallus gallus domesticus)
300 ## - PHYSICAL DESCRIPTION
Extent 62p.
650 ## - SUBJECT--TOPIC
Topical term following geographic name as entry element Pain management in chicken
Form subdivision effects of tramadol, paracetamol and diclofenac in pain management
942 ## - ADDED ENTRY ELEMENTS(KOHA)
Source of classification or shelving scheme Library of Congress Classification
Koha item type Thesis
Holdings
Source of classification or shelving scheme Not for loan Location (home branch) Sublocation (holding branch) Shelving location Date accessioned Full call number Barcode Koha item type
Library of Congress Classification   Wote Campus Library Wote Campus Library Reference 09/03/2026 (The) SF 487 .K5 2024 2024/027130 Thesis
Kitui, Kenya.
+254736116989
library@seku.ac.ke